Organization and effective use of advisory committees. (Record no. 34280)

MARC details
000 -LEADER
fixed length control field 01297cam a22003011 4500
001 - CONTROL NUMBER
control field hew61000007
003 - CONTROL NUMBER IDENTIFIER
control field DLC
005 - DATE AND TIME OF LATEST TRANSACTION
control field 20260227111510.0
008 - FIXED-LENGTH DATA ELEMENTS--GENERAL INFORMATION
fixed length control field 790912s1960 dcua f000 0 eng c
010 ## - LIBRARY OF CONGRESS CONTROL NUMBER
LC control number hew61000007
035 ## - SYSTEM CONTROL NUMBER
System control number (OCoLC)5367222
040 ## - CATALOGING SOURCE
Original cataloging agency U.S. Dept. of Health, Education, and Welfare. Library.
Transcribing agency NUtSU
Modifying agency ISS
-- OCoLC
-- DLC
042 ## - AUTHENTICATION CODE
Authentication code premarc
050 00 - LIBRARY OF CONGRESS CALL NUMBER
Classification number LC1045
Item number .A25 no. 288
082 ## - DEWEY DECIMAL CLASSIFICATION NUMBER
Classification number 371.426
086 0# - GOVERNMENT DOCUMENT CLASSIFICATION NUMBER
Classification number FS 5.284:84009
100 1# - MAIN ENTRY--PERSONAL NAME
Personal name King, Sam Wilson,
Dates associated with a name 1914-
245 10 - TITLE STATEMENT
Title Organization and effective use of advisory committees.
260 ## - PUBLICATION, DISTRIBUTION, ETC.
Place of publication, distribution, etc. [Washington]
Name of publisher, distributor, etc. U.S. Dept. of Health, Education, and Welfare, Office of Education
Date of publication, distribution, etc. [1960]
300 ## - PHYSICAL DESCRIPTION
Extent ix, 75 p.
Other physical details illus.
Dimensions 23 cm.
490 1# - SERIES STATEMENT
Series statement Vocational Division bulletin
Volume/sequential designation no. 288. Trade and industrial education series, no. 71
501 ## - WITH NOTE
With note With : Promoting programs of supervisory personnel development / Earl M. Bowler. Washington : U.S. Dept. of Health, Education, and Welfare. Office of Education, 1960. Bound together subsequent to publication.
Institution to which field applies DLC
504 ## - BIBLIOGRAPHY, ETC. NOTE
Bibliography, etc. note Bibliography: p.61.
650 #0 - SUBJECT ADDED ENTRY--TOPICAL TERM
Topical term or geographic name entry element Vocational education.
650 #0 - SUBJECT ADDED ENTRY--TOPICAL TERM
Topical term or geographic name entry element Technical education.
650 #0 - SUBJECT ADDED ENTRY--TOPICAL TERM
Topical term or geographic name entry element Citizens' advisory committees in education.
810 1# - SERIES ADDED ENTRY--CORPORATE NAME
Corporate name or jurisdiction name as entry element United States.
Subordinate unit Division of Vocational Education.
Title of a work Bulletin ;
Volume/sequential designation no. 288.

No items available.

Powered by Koha